Those mean nasty dirty downright disgusting but--invisible germs / (Record no. 9767)

MARC details
000 -LEADER
fixed length control field 01073nam a22003017a 4500
001 - CONTROL NUMBER
control field 9767
003 - CONTROL NUMBER IDENTIFIER
control field FISKH
005 - DATE AND TIME OF LATEST TRANSACTION
control field 20260212151456.0
008 - FIXED-LENGTH DATA ELEMENTS--GENERAL INFORMATION
fixed length control field 260212b cb ||||| |||| 00| 0 eng d
020 ## - INTERNATIONAL STANDARD BOOK NUMBER
International Standard Book Number 9780934140461
040 ## - CATALOGING SOURCE
Original cataloging agency FISKH
Language of cataloging eng
Transcribing agency FISKH
Modifying agency FISKH
050 ## - LIBRARY OF CONGRESS CALL NUMBER
Classification number RA777 .R53
082 ## - DEWEY DECIMAL CLASSIFICATION NUMBER
Classification number 613.0432
100 ## - MAIN ENTRY--PERSONAL NAME
Personal name Rice , Judith
Relator term Author
245 ## - TITLE STATEMENT
Title Those mean nasty dirty downright disgusting but--invisible germs /
Statement of responsibility, etc. By Judith Rice : Illustrated by Reed Merrill
260 ## - PUBLICATION, DISTRIBUTION, ETC.
Place of publication, distribution, etc. Minnesota :
Name of publisher, distributor, etc. Redleaf Press ,
Date of publication, distribution, etc. 1989.
300 ## - PHYSICAL DESCRIPTION
Extent 32 unnumbered pages :
Other physical details color illustrations ;
Dimensions 21 X 21 cm .
505 ## - FORMATTED CONTENTS NOTE
Formatted contents note J <br/><br/>
520 ## - SUMMARY, ETC.
Summary, etc. A little girl, who accumulates germs on her hands during her busy day, defeats them by washing her hands before meals.
521 8# - TARGET AUDIENCE NOTE
Target audience note 500 <br/>
Source Lexile estimate <br/>
521 8# - TARGET AUDIENCE NOTE
Target audience note J <br/><br/>
Source Raz-Plus <br/>
650 ## - SUBJECT ADDED ENTRY--TOPICAL TERM
Topical term or geographic name entry element Children-Health and hygiene
Form subdivision Juvenile Literature
650 ## - SUBJECT ADDED ENTRY--TOPICAL TERM
Topical term or geographic name entry element Bacteria
Form subdivision Juvenile Literature
650 ## - SUBJECT ADDED ENTRY--TOPICAL TERM
Topical term or geographic name entry element Viruses
Form subdivision Viruses
700 ## - ADDED ENTRY--PERSONAL NAME
Personal name Merrill , Reed
Relator term Illustrator
942 ## - ADDED ENTRY ELEMENTS (KOHA)
Source of classification or shelving scheme Dewey Decimal Classification
Koha item type Books
Suppress in OPAC No
Holdings
Withdrawn status Lost status Source of classification or shelving scheme Damaged status Not for loan Collection Home library Current library Shelving location Date acquired Total Checkouts Full call number Barcode Date last seen Price effective from Koha item type
    Dewey Decimal Classification     Non-Fiction Footprints International School Library Network Toul Tom Poung Campus Footprints International School Library Network Toul Tom Poung Campus TTP Primary Dark Blue Bookshelves 02/12/2026   RIC 613.0432 RA777 .R53 FIS01574 02/12/2026 02/12/2026 Books